[Event "Malakhatko Memorial op"]
[Site "Chess.com INT"]
[Date "2023.06.14"]
[Round "3"]
[White "Postny, Evgeny"]
[Black "Denysenko, Andrii"]
[Result "1-0"]
[WhiteElo "2549"]
[BlackElo "1475"]
[PlyCount "85"]
[EventDate "2023.06.14"]
[EventType "swiss (blitz)"]
[EventRounds "11"]
[EventCountry "USA"]
[SourceTitle "CBM 214 Extra"]
[Source "ChessBase"]
[SourceDate "2023.07.31"]
[SourceVersion "1"]
[SourceVersionDate "2023.07.31"]
[SourceQuality "1"]

1. e4 c5 2. Nf3 Nc6 3. d4 cxd4 4. Nxd4 Nf6 5. Nc3 e5 6. Ndb5 d6 7. Bg5 a6 8. Bxf6 gxf6 9. Na3 f5 10. Nc4 fxe4 11. Nxe4 d5 12. Qxd5 Qxd5 13. Nf6+ Kd8 14. Nxd5 Be6 15. 0-0-0 Bh6+ 16. Kb1 Bxd5 17. Nb6 Rb8 18. Nxd5 Ke8 19. g3 Rd8 20. Bh3 Nd4 21. Nf6+ Ke7 22. Ng4 Bg7 23. c3 Nc6 24. Ne3 Rxd1+ 25. Rxd1 Rd8 26. Nf5+ Kf6 27. Rxd8 Nxd8 28. Nxg7 Kxg7 29. Bg2 b6 30. Bd5 f5 31. Kc2 Nf7 32. Bxf7 Kxf7 33. Kd3 Ke6 34. c4 Kd6 35. b4 a5 36. a3 axb4 37. axb4 h5 38. f3 Ke6 39. h3 Kd6 40. g4 hxg4 41. hxg4 fxg4 42. fxg4 Ke6 43. Ke4 1-0